00592nam a2200169 a 450000500170000000800410001702000180005805000230007610000250009924500930012426000430021730000220026052000830028265000200036565000240038565000130040920140412111308.0010424s19uu xx 00 eng d a0-671-89903-1 aTR(PS EbHo83 1991 aHamm, Diane Johnston aHow many feet in the bed? /cby Diane Johnston Hamm ; illustrated by Kate Salley Palmer. aNew York :bAladdin Paperbacks,c1991. a1v. (unp.) ; ill. aCount the feet as a family of five tumble in and out of bed on Sunday morning. aBedtime-Fiction aFamily life-Fiction aCounting